| 000 | 006310000a22001810004500 | ||
|---|---|---|---|
| 090 |
_aAR _b01875 |
||
| 245 | 1 | 0 | _aClusia niambiensis (<Clusiaceae>), a new species from the Chocó floristic province of Colombia and Ecuador |
| 650 | 1 | 4 |
_aTaxonomía vegetal _992262 |
| 650 | 1 | 4 |
_aNuevas especies _992905 |
| 650 | 1 | 4 |
_aChocó biogeográfico _994105 |
| 651 | 4 |
_lReserva Natural Río Ñambi _dNariño _pColombia _992749 |
|
| 653 |
_gClusia _eClusia niambiensis |
||
| 041 | 0 | _aInglés | |
| 700 | 1 |
_aCogollo Pacheco, Alvaro _910133 |
|
| 100 | 1 |
_aPipoly III, John J. _995334 |
|
| 942 | _cARTICULO | ||
| 773 | 1 |
_tSIDA _3329 _h2 _q395-399 _d1998 _g18 |
|
| 999 |
_c10952 _d10952 |
||